Environment and citizenship in Latin America: a new paradigm for theory and practice /
El artículo surge como parte de una reflexión acerca de las presiones ecológicas que la rápida modernización y globalización ha traído consigo, y su impacto en los debates públicos y protestas en América Latina. Se postula que el contexto latinoamericano demanda aproximaciones teóricas y metodológic...
সংরক্ষণ করুন:
| প্রধান লেখক: | |
|---|---|
| অন্যান্য লেখক: | |
| বিন্যাস: | পাঠ্য |
| বিষয়গুলি: | |
| ট্যাগগুলো: |
ট্যাগ যুক্ত করুন
কোনো ট্যাগ নেই, প্রথমজন হিসাবে ট্যাগ করুন!
|
MARC
| LEADER | 00000 a a2200000 04500 | ||
|---|---|---|---|
| 001 | 43825 | ||
| 003 | |||
| 040 | |||
| 100 | |a Latta, Alex | ||
| 245 | |a Environment and citizenship in Latin America: |b a new paradigm for theory and practice / |c Alex Latta ; Hannah Wittman | ||
| 500 | |a alatta@wlu.ca |a hwittman@sfu.ca | ||
| 520 | |a El artículo surge como parte de una reflexión acerca de las presiones ecológicas que la rápida modernización y globalización ha traído consigo, y su impacto en los debates públicos y protestas en América Latina. Se postula que el contexto latinoamericano demanda aproximaciones teóricas y metodológicas particulares, que estudien las relaciones entre ecología y ciudadanía, teniendo en cuenta las especificidades sociales, culturales y ecológicas de la región. | ||
| 590 | |a RRH/SETIEMBRE2013 | ||
| 650 | |a AMBIENTE | ||
| 650 | |a CIUDADANIA | ||
| 650 | |a IDENTIDAD | ||
| 650 | |a ESTADO | ||
| 650 | |a SUBJETIVIDAD | ||
| 650 | |a AMERICA LATINA | ||
| 700 | |a Wittman, Hannah | ||
| 773 | |g número89 (2010), páginas 107-116 | ||
| 999 | |c 22586 |d 22586 | ||
